[Event "FRA Cup 0607"]
[Site "Toulouse"]
[Date "2007.03.25"]
[Round "3"]
[White "Sanchez, Nicolas"]
[Black "Faure, Nicolas"]
[Result "1-0"]
[WhiteElo "2201"]
[BlackElo "2073"]
[PlyCount "103"]
[EventDate "2007.??.??"]
[EventType "team-match"]
[EventCountry "FRA"]

1. d4 d5 2. Nf3 Nf6 3. c4 c6 4. Nc3 e6 5. Bg5 dxc4 6. e4 b5 7. a4 b4 8. Nb1 Ba6
9. Be2 Be7 10. Bxf6 Bxf6 11. O-O O-O 12. e5 Be7 13. Nbd2 c5 14. Nxc4 Nc6 15.
dxc5 Qxd1 16. Rfxd1 Bxc5 17. Kf1 Rfd8 18. Nd6 Bxe2+ 19. Kxe2 Nxe5 20. Nb7 Rxd1
21. Rxd1 Nxf3 22. Nxc5 Ne5 23. Na6 Nc4 24. Rd4 Rc8 25. b3 Ne5 26. Rxb4 f5 27.
Rb8 Rxb8 28. Nxb8 Kf8 29. f4 Ng6 30. Ke3 Ne7 31. Kd4 Nd5 32. g3 Nb4 33. Kc4 Nd5
34. Kb5 Ke8 35. Nc6 Kd7 36. Nxa7 e5 37. fxe5 g5 38. Kc4 f4 39. gxf4 gxf4 40.
Kd3 f3 41. Nb5 Ke6 42. Nd4+ Kxe5 43. Nxf3+ Kf4 44. Ng1 h5 45. Kd4 Nc7 46. b4 h4
47. b5 Kg4 48. Ke5 Na8 49. a5 Nc7 50. b6 Na6 51. b7 Nb8 52. Kd6 1-0

[Event "FRA Cup 0607"]
[Site "Toulouse"]
[Date "2007.03.25"]
[Round "3"]
[White "Galby, Vassili"]
[Black "Garrel, Alain"]
[Result "1/2-1/2"]
[WhiteElo "1951"]
[BlackElo "2150"]
[PlyCount "77"]
[EventDate "2007.??.??"]
[EventType "team-match"]
[EventCountry "FRA"]

1. Nf3 Nf6 2. c4 d6 3. d4 Nbd7 4. Nc3 e5 5. e4 Be7 6. Be2 O-O 7. O-O exd4 8.
Nxd4 Re8 9. Be3 h6 10. Ndb5 a6 11. Nd4 Bf8 12. f3 c6 13. Bf2 d5 14. cxd5 cxd5
15. Nxd5 Nxd5 16. exd5 Re5 17. Nc6 bxc6 18. dxc6 Qe8 19. cxd7 Bxd7 20. Bc4 Ba4
21. b3 Bb5 22. Re1 Bxc4 23. bxc4 Rxe1+ 24. Qxe1 Qa4 25. Qc3 Rc8 26. c5 Rc6 27.
a3 Qb5 28. Rc1 Qb8 29. Qb4 Qc8 30. Qc4 h5 31. Qd5 h4 32. h3 Rd6 33. Qc4 Rc6 34.
Kh1 Be7 35. Qd5 g6 36. Rc4 Qc7 37. Re4 Bf6 38. Re8+ Kg7 39. Bd4 1/2-1/2

[Event "FRA Cup 0607"]
[Site "Toulouse"]
[Date "2007.03.25"]
[Round "3"]
[White "Iwanesko, Alexandre"]
[Black "Tarayre, Pascal"]
[Result "1-0"]
[WhiteElo "1842"]
[BlackElo "1855"]
[PlyCount "73"]
[EventDate "2007.??.??"]
[EventType "team-match"]
[EventCountry "FRA"]

1. Nf3 Nf6 2. c4 g6 3. Nc3 Bg7 4. d4 O-O 5. e4 d6 6. Be2 e5 7. O-O Nc6 8. d5
Ne7 9. Bg5 h6 10. Bxf6 Bxf6 11. b4 Bg7 12. Rc1 f5 13. Nd2 fxe4 14. Ndxe4 Nf5
15. c5 Nd4 16. cxd6 cxd6 17. Nb5 Nxb5 18. Bxb5 Bf5 19. Bd3 Bxe4 20. Bxe4 g5 21.
Rc4 Rc8 22. Qc2 Rxc4 23. Qxc4 Qb6 24. a4 a5 25. bxa5 Qxa5 26. f3 Qb6+ 27. Kh1
h5 28. Rb1 Qa5 29. Qc1 Bh6 30. Rxb7 g4 31. Qd1 gxf3 32. gxf3 Rc8 33. Qg1+ Kf8
34. Rf7+ Kxf7 35. Qg6+ Ke7 36. Qe6+ Kf8 37. Qxh6+ 1-0

[Event "FRA Cup 0607"]
[Site "Toulouse"]
[Date "2007.03.25"]
[Round "3"]
[White "Lacroix, Romain"]
[Black "Jarlaud, Lucas"]
[Result "1-0"]
[WhiteElo "2123"]
[BlackElo "1680"]
[PlyCount "31"]
[EventDate "2007.??.??"]
[EventType "team-match"]
[EventCountry "FRA"]

1. e4 c5 2. d4 cxd4 3. c3 dxc3 4. Nxc3 Nc6 5. Nf3 e6 6. Bc4 d6 7. O-O Nf6 8.
Qe2 Be7 9. Rd1 O-O 10. e5 Ng4 11. exd6 Bxd6 12. Ne4 Nd4 13. Rxd4 Bxh2+ 14. Kh1
Qc7 15. g3 Qa5 16. Nxh2 1-0

[Event "FRA Cup 0607"]
[Site "Toulouse"]
[Date "2007.05.06"]
[Round "4"]
[White "Garrel, Alain"]
[Black "Rouede, Gilbert"]
[Result "1-0"]
[WhiteElo "2153"]
[BlackElo "1816"]
[PlyCount "61"]
[EventDate "2007.??.??"]
[EventType "team-match"]
[EventCountry "FRA"]

1. d4 d5 2. Nf3 Nf6 3. c4 c6 4. cxd5 cxd5 5. Nc3 Nc6 6. Bf4 e6 7. e3 a6 8. Rc1
Bb4 9. Bd3 O-O 10. O-O Nh5 11. Bg5 f6 12. Ne5 Nxe5 13. dxe5 Qe8 14. Be2 fxg5
15. Bxh5 g6 16. Bf3 Bd7 17. e4 dxe4 18. Nxe4 Bb5 19. Nf6+ Rxf6 20. exf6 Qf8 21.
Be2 Rd8 22. Qb3 Bxe2 23. Qxe6+ Qf7 24. Qxe2 Qxa2 25. Rc4 Bf8 26. h4 b5 27. Rc7
gxh4 28. f7+ Kg7 29. Qe5+ Kh6 30. Re1 Bd6 31. Qxd6 1-0

[Event "FRA Cup 0607"]
[Site "Toulouse"]
[Date "2007.05.06"]
[Round "4"]
[White "Golic, Nadil"]
[Black "Lacroix, Romain"]
[Result "1/2-1/2"]
[WhiteElo "2000"]
[BlackElo "2147"]
[PlyCount "132"]
[EventDate "2007.??.??"]
[EventType "team-match"]
[EventCountry "FRA"]

1. d4 d5 2. c4 e6 3. Nf3 Nf6 4. Nc3 c6 5. e3 Nbd7 6. Bd3 dxc4 7. Bxc4 b5 8. Bd3
a6 9. O-O c5 10. Ne4 c4 11. Nxf6+ Nxf6 12. Bc2 Bb7 13. Qe2 Qd5 14. Rd1 Bd6 15.
Ne1 Bc7 16. f3 Qh5 17. g3 O-O 18. e4 Rfd8 19. Qf2 Bb6 20. Be3 b4 21. Ng2 Qb5
22. Nf4 a5 23. b3 c3 24. Bd3 Qe8 25. Bc4 Bxe4 26. fxe4 Ng4 27. Qf3 Nxe3 28.
Qxe3 e5 29. Ne2 exd4 30. Qd3 Ra7 31. Rf1 g6 32. Rf6 Rb8 33. Raf1 Rbb7 34. Bd5
Qe5 35. Bxb7 Rxb7 36. Kg2 Bd8 37. Rc6 Rd7 38. Nf4 Bg5 39. Rc4 Kg7 40. Nd5 f5
41. Rxd4 fxe4 42. Qc4 c2 43. Qc8 Rd8 44. Qb7+ Kh6 45. Rf7 Rh8 46. Qd7 c1=Q 47.
Qh3+ Bh4 48. Qxh4+ Qh5 49. Qxe4 Qb2+ 50. Rf2 Qxf2+ 51. Kxf2 Qxh2+ 52. Qg2 Rf8+
53. Rf4 Qxg2+ 54. Kxg2 Rd8 55. Ne3 g5 56. Rf6+ Kg7 57. Rf2 a4 58. bxa4 Ra8 59.
Rb2 Rxa4 60. Nd5 h5 61. Nxb4 Kg6 62. Nd3 h4 63. g4 Rxg4+ 64. Kh2 Ra4 65. Nc5
Ra3 66. Ne4 Kf5 1/2-1/2

[Event "FRA Cup 0607"]
[Site "Toulouse"]
[Date "2007.05.06"]
[Round "4"]
[White "Bougouin"]
[Black "Tarayre, Pascal"]
[Result "0-1"]
[WhiteElo "1530"]
[BlackElo "1829"]
[PlyCount "120"]
[EventDate "2007.??.??"]
[EventType "team-match"]
[EventCountry "FRA"]

1. Nf3 Nf6 2. Nc3 g6 3. e4 d6 4. d4 Bg7 5. Bc4 O-O 6. O-O c6 7. d5 b5 8. Bb3 b4
9. Ne2 Bb7 10. Ng3 cxd5 11. exd5 Qa5 12. Qe2 Re8 13. Ng5 Bxd5 14. Be3 Bxb3 15.
axb3 Qc7 16. Qd2 Nc6 17. Ra4 Ng4 18. c3 Nxe3 19. fxe3 bxc3 20. bxc3 Ne5 21. Rh4
h6 22. Nf3 Nxf3+ 23. Rxf3 Qxc3 24. Qd5 e6 25. Qxd6 Rad8 26. Qa6 Rd1+ 27. Nf1 g5
28. Rc4 Qxb3 29. Rc8 Rxc8 30. Qxc8+ Kh7 31. Qc7 f5 32. Qxa7 g4 33. Rf4 Kg6 34.
g3 Be5 35. Ra4 Bb8 36. Ra3 Rxf1+ 37. Kxf1 Qd1+ 38. Kf2 Bxa7 39. Rxa7 Qd2+ 40.
Kf1 Qxh2 41. Ra3 Qxg3 42. Ra2 Qf3+ 43. Ke1 Qxe3+ 44. Re2 Qxe2+ 45. Kxe2 Kg5 46.
Kf2 Kf4 47. Kf1 e5 48. Kf2 h5 49. Kf1 Kf3 50. Kg1 Ke2 51. Kh2 f4 52. Kh1 h4 53.
Kg1 f3 54. Kh2 e4 55. Kh1 f2 56. Kh2 f1=N+ 57. Kg2 e3 58. Kg1 h3 59. Kh1 Kf3
60. Kg1 e2 0-1

[Event "FRA Cup 0607"]
[Site "Toulouse"]
[Date "2007.05.06"]
[Round "4"]
[White "Garrel, Pascal"]
[Black "Blondelon, Alain"]
[Result "0-1"]
[WhiteElo "1676"]
[BlackElo "1520"]
[PlyCount "81"]
[EventDate "2007.??.??"]
[EventType "team-match"]
[EventCountry "FRA"]

1. d4 Nf6 2. c4 g6 3. Nc3 Bg7 4. Bf4 d6 5. Nf3 Bg4 6. Qb3 Bxf3 7. exf3 b6 8.
Bd3 Nbd7 9. Rd1 O-O 10. O-O c5 11. d5 Nh5 12. Bg5 f5 13. Rfe1 Rf7 14. Qc2 Ne5
15. Qe2 Qd7 16. Bc1 Re8 17. Bc2 Qb7 18. f4 Ng4 19. Ba4 Ref8 20. Bc6 Qc8 21. Qe6
Bxc3 22. bxc3 Qxe6 23. dxe6 Rf6 24. Rxd6 Ng7 25. Rd7 Rxe6 26. Bd5 Nf6 27. Bxe6+
Nxe6 28. Rxe7 Nd8 29. Rxa7 Ne4 30. f3 Nd6 31. Ree7 Rf7 32. Rxf7 N8xf7 33. Ra4
Kg7 34. Kf2 Kf6 35. Ke3 Nc8 36. Ra6 h5 37. a4 Nfd6 38. Kd3 Nb7 39. Be3 Ke7 40.
a5 Nxa5 41. Bxc5+ 0-1

[Event "FRA Cup 0607"]
[Site "Toulouse"]
[Date "2007.05.20"]
[Round "5"]
[White "Pasquer, T."]
[Black "Tardif, Olivier"]
[Result "1-0"]
[WhiteElo "2221"]
[BlackElo "1992"]
[PlyCount "37"]
[EventDate "2007.??.??"]
[EventType "team-match"]
[EventCountry "FRA"]

1. e4 c5 2. Nf3 d6 3. d4 cxd4 4. Nxd4 Nf6 5. Nc3 a6 6. Bc4 e6 7. a4 Nc6 8. O-O
Nxd4 9. Qxd4 Be7 10. Bg5 Qc7 11. Rad1 O-O 12. Bb3 Rd8 13. Kh1 b6 14. f4 Bb7 15.
f5 exf5 16. Rxf5 d5 17. exd5 Nxd5 18. Nxd5 Bxd5 19. Bxd5 1-0

[Event "FRA Cup 0607"]
[Site "Toulouse"]
[Date "2007.05.20"]
[Round "5"]
[White "Devos, Herve"]
[Black "Tournier, M."]
[Result "0-1"]
[WhiteElo "1882"]
[BlackElo "2244"]
[PlyCount "50"]
[EventDate "2007.??.??"]
[EventType "team-match"]
[EventCountry "FRA"]

1. e4 e5 2. Nf3 Nc6 3. d4 exd4 4. c3 d5 5. exd5 Qxd5 6. cxd4 Bg4 7. Be2 Nf6 8.
Nc3 Qa5 9. O-O O-O-O 10. Be3 Nb4 11. a3 Nbd5 12. Nxd5 Nxd5 13. Qc2 Bd6 14. Bd2
Qb6 15. Bc3 Kb8 16. Kh1 Rhe8 17. h3 Bh5 18. Qxh7 Bg6 19. Qh4 Rh8 20. Qg5 Bf4
21. Qg4 f5 22. Qxg6 Qxg6 23. Ne5 Bxe5 24. dxe5 Nf4 25. Bf3 Nxh3 0-1

[Event "FRA Cup 0607"]
[Site "Toulouse"]
[Date "2007.05.20"]
[Round "5"]
[White "Garrel, Pascal"]
[Black "Van Elst, Andreas"]
[Result "0-1"]
[WhiteElo "1676"]
[BlackElo "2297"]
[PlyCount "74"]
[EventDate "2007.??.??"]
[EventType "team-match"]
[EventCountry "FRA"]

1. d4 Nf6 2. Nf3 g6 3. c4 Bg7 4. Nc3 O-O 5. Bf4 d6 6. Rc1 Nbd7 7. e3 c6 8. Be2
Nh5 9. Bg5 h6 10. Bh4 g5 11. Bg3 e5 12. dxe5 dxe5 13. Nd2 Nxg3 14. hxg3 Nc5 15.
Nde4 Nxe4 16. Nxe4 Qa5+ 17. Kf1 Rd8 18. Qc2 f5 19. Nc3 Be6 20. f3 Qc5 21. Kf2
f4 22. Qe4 Bf5 23. Qxf5 Qxe3+ 24. Ke1 Qxc1+ 25. Nd1 Qd2+ 26. Kf1 Qxd1+ 27. Bxd1
Rxd1+ 28. Kf2 Rxh1 29. Qd7 Rb1 30. gxf4 exf4 31. b3 Rf8 32. c5 Rf7 33. Qe8+ Bf8
34. Qe5 Re7 35. Qd4 Rbe1 36. Qd3 Kh8 37. Qd4+ Bg7 0-1

[Event "FRA Cup 0607"]
[Site "Toulouse"]
[Date "2007.05.20"]
[Round "5"]
[White "Ratsiambahotrat"]
[Black "Tarayre, Pascal"]
[Result "1-0"]
[WhiteElo "2020"]
[BlackElo "1829"]
[PlyCount "69"]
[EventDate "2007.??.??"]
[EventType "team-match"]
[EventCountry "FRA"]

1. c4 Nf6 2. g3 g6 3. Bg2 Bg7 4. Nc3 d6 5. d3 e5 6. e4 a5 7. Nge2 Nbd7 8. O-O
O-O 9. f4 c6 10. h3 exf4 11. Bxf4 Ne5 12. Qd2 Nh5 13. Bg5 f6 14. Be3 Bh8 15. g4
Ng7 16. Rf2 Ne6 17. Raf1 Bg7 18. b3 c5 19. Nd5 Bd7 20. d4 cxd4 21. Nxd4 Nxd4
22. Bxd4 Be6 23. Bb6 Qd7 24. Nxf6+ Bxf6 25. Rxf6 Rxf6 26. Rxf6 a4 27. Be3 axb3
28. axb3 Ra1+ 29. Kh2 Bxg4 30. Rxd6 Qe7 31. Bg5 Qf7 32. Rf6 Qc7 33. Qf4 Qc5 34.
hxg4 Qg1+ 35. Kh3 1-0

[Event "FRA Cup 0708"]
[Site "FRA"]
[Date "2008.03.30"]
[Round "?"]
[White "Franca, Ricardo Bedin"]
[Black "Luneau, Gilles"]
[Result "1-0"]
[WhiteElo "2240"]
[BlackElo "1895"]
[PlyCount "111"]
[EventDate "2008.05.25"]
[EventType "team-match"]
[EventCountry "FRA"]

1. e4 c5 2. Nc3 e6 3. f4 a6 4. g3 b5 5. Bg2 Bb7 6. d3 Qc7 7. Nh3 d6 8. O-O Nf6
9. g4 Be7 10. g5 Nfd7 11. Be3 Nc6 12. f5 Nce5 13. fxe6 fxe6 14. Nf4 Nf8 15. h4
O-O-O 16. Bh3 Kb8 17. Nxe6 Nxe6 18. Bxe6 Bc8 19. Nd5 Qb7 20. Bxc8 Rxc8 21. Bf4
Rce8 22. Bxe5 dxe5 23. a4 b4 24. Qg4 Bd8 25. Rf3 Rhf8 26. Raf1 Rxf3 27. Qxf3
Qd7 28. b3 h6 29. Qf5 Qxf5 30. Rxf5 hxg5 31. hxg5 g6 32. Rf7 a5 33. Nf6 Re7 34.
Rf8 Kc8 35. Rg8 Rf7 36. Kg2 Kc7 37. Rxg6 Bxf6 38. Rxf6 Rxf6 39. gxf6 Kd7 40.
Kf3 Ke6 41. Kg4 Kxf6 42. Kh5 Ke7 43. Kg5 Ke6 44. Kg6 Ke7 45. Kf5 Kd6 46. Kf6
Kd7 47. Kxe5 Kc6 48. Ke6 Kc7 49. e5 Kc6 50. Kf7 Kd5 51. e6 Kd4 52. e7 Kc3 53.
e8=Q Kxc2 54. Qe6 Kxd3 55. Qc4+ Kd2 56. Ke6 1-0

[Event "FRA Cup 0708"]
[Site "FRA"]
[Date "2008.05.25"]
[Round "?"]
[White "Franca, Ricardo Bedin"]
[Black "Ducret, Thomas"]
[Result "1-0"]
[WhiteElo "2232"]
[BlackElo "2225"]
[PlyCount "103"]
[EventDate "2008.05.25"]
[EventType "team-match"]
[EventCountry "FRA"]

1. e4 c5 2. Nf3 e6 3. d4 cxd4 4. Nxd4 Nc6 5. Nb5 d6 6. c4 Nf6 7. N1c3 a6 8. Na3
Be7 9. Be2 O-O 10. O-O b6 11. Be3 Ne5 12. Qd4 Ned7 13. Rfd1 Bb7 14. f3 Qc7 15.
Rac1 Rfe8 16. Qd2 Rac8 17. Bf1 Qb8 18. Kh1 Bf8 19. Qf2 Ba8 20. Nab1 Be7 21. a3
Bd8 22. b4 Bc7 23. Qa2 Rcd8 24. Bg1 Bb7 25. Nd2 Rc8 26. Nb3 Qa8 27. a4 d5 28.
exd5 exd5 29. c5 Be5 30. Ne2 bxc5 31. Nxc5 Nxc5 32. Bxc5 Qb8 33. Bg1 h5 34. Nd4
Qd6 35. b5 axb5 36. Bxb5 Red8 37. Qe2 g6 38. a5 Bf4 39. Rxc8 Rxc8 40. a6 Ba8
41. Re1 Bh6 42. Qe7 Bf8 43. Qxd6 Bxd6 44. Be3 Be5 45. Bf2 Bd6 46. Bg3 Bxg3 47.
hxg3 Kf8 48. Kh2 Ng8 49. Bd7 Rc7 50. Re8+ Kg7 51. Rxa8 Rxd7 52. a7 1-0

[Event "FRA Cup 0708"]
[Site "FRA"]
[Date "2008.03.30"]
[Round "?"]
[White "Ducret, Thomas"]
[Black "Mesples, Jean Marc"]
[Result "1-0"]
[WhiteElo "2227"]
[BlackElo "2000"]
[PlyCount "63"]
[EventDate "2008.05.25"]
[EventType "team-match"]
[EventCountry "FRA"]

1. c4 e5 2. g3 d6 3. Bg2 f5 4. Nc3 Nf6 5. d4 e4 6. f3 exf3 7. exf3 Be7 8. Nge2
O-O 9. O-O c6 10. d5 c5 11. Re1 Re8 12. b3 Nbd7 13. Bb2 Nf8 14. Nf4 N6d7 15.
Ne6 Nxe6 16. dxe6 Nf6 17. Nd5 g6 18. Qd2 Nxd5 19. Qxd5 Rb8 20. a4 a6 21. Bf1 b6
22. Kf2 Bb7 23. Qd2 d5 24. Be5 dxc4 25. Qc3 Rf8 26. Rad1 Qe8 27. Rd7 Bc6 28.
Bh8 Bf6 29. Bxf6 Bxd7 30. exd7 Qxd7 31. Bxc4+ Rf7 32. Re7 1-0

[Event "FRA Cup 0708"]
[Site "FRA"]
[Date "2008.02.18"]
[Round "2"]
[White "Ducret, Thomas"]
[Black "Roques, Olivier"]
[Result "1-0"]
[WhiteElo "2227"]
[BlackElo "1620"]
[PlyCount "33"]
[EventDate "2008.05.25"]
[EventType "team-match"]
[EventCountry "FRA"]

1. c4 f5 2. Nf3 Nf6 3. Nc3 e6 4. g3 d6 5. Bg2 Be7 6. O-O O-O 7. d3 e5 8. Rb1
Bd7 9. b4 Qc8 10. b5 Nh5 11. Nd5 Bd8 12. Bg5 Bxg5 13. Nxg5 Re8 14. e3 Nf6 15.
Nxf6+ gxf6 16. Bd5+ Kg7 17. Qh5 1-0

[Event "FRA Cup 0708"]
[Site "FRA"]
[Date "2008.05.25"]
[Round "?"]
[White "Relea, Nicolas"]
[Black "Galby, Vassili"]
[Result "1-0"]
[WhiteElo "2172"]
[BlackElo "2079"]
[PlyCount "62"]
[EventDate "2008.05.25"]
[EventType "team-match"]
[EventCountry "FRA"]

1. Nc3 c5 2. e4 Nc6 3. g3 g6 4. Bg2 Bg7 5. d3 d6 6. Be3 e5 7. Qd2 Nge7 8. Bh6
O-O 9. h4 Bxh6 10. Qxh6 f6 11. Qd2 Kg7 12. h5 g5 13. h6+ Kh8 14. Nge2 Nd4 15.
Nxd4 cxd4 16. Nd5 Nxd5 17. exd5 b5 18. O-O-O a5 19. f4 gxf4 20. gxf4 b4 21.
Rdg1 Rg8 22. Bf3 Bf5 23. Be4 Qd7 24. Qf2 Rxg1+ 25. Rxg1 Rg8 26. Rxg8+ Kxg8 27.
Qg3+ Kf8 28. Qg7+ Ke8 29. fxe5 fxe5 30. Qg8+ Ke7 31. Qg5+ Kf7 1-0

[Event "FRA Cup 0708"]
[Site "FRA"]
[Date "2008.02.17"]
[Round "?"]
[White "Lacroix, Romain"]
[Black "Morariu, Ioana"]
[Result "0-1"]
[WhiteElo "2161"]
[BlackElo "2091"]
[PlyCount "92"]
[EventDate "2008.05.25"]
[EventType "team-match"]
[EventCountry "FRA"]

1. e4 c5 2. Nc3 e6 3. f4 d6 4. Nf3 Nf6 5. Bc4 a6 6. a4 Nc6 7. O-O Na5 8. Ba2 c4
9. d3 Qc7 10. Kh1 Rb8 11. dxc4 Nxc4 12. Qe2 Na5 13. f5 h6 14. fxe6 Bxe6 15.
Bxe6 fxe6 16. Nd4 e5 17. Nd5 Qc4 18. Rxf6 Qxe2 19. Rxf8+ Rxf8 20. Nxe2 Rf1+ 21.
Ng1 Nc4 22. b3 Nd2 23. Nc3 Kd7 24. Bb2 Rbf8 25. Rxf1 Rxf1 26. g3 Re1 27. Kg2
Rf1 28. Nge2 Rf7 29. Bc1 Nf3 30. g4 Ne1+ 31. Kg1 Nf3+ 32. Kh1 Ne1 33. Ng3 Rf2
34. Nd5 Nf3 35. Nf1 Rxf1+ 36. Kg2 Rxc1 37. Kxf3 Rxc2 38. h3 Rb2 39. b4 Rb3+ 40.
Kg2 b5 41. axb5 axb5 42. h4 Rd3 43. Kh2 Rd4 44. h5 Rxe4 45. Kg3 Rd4 46. Ne3 Rd3
0-1

[Event "FRA Cup 0708"]
[Site "FRA"]
[Date "2008.02.17"]
[Round "?"]
[White "Oriot, Patrice"]
[Black "Casella, Laurent"]
[Result "1-0"]
[WhiteElo "2160"]
[BlackElo "2043"]
[PlyCount "51"]
[EventDate "2008.05.25"]
[EventType "team-match"]
[EventCountry "FRA"]

1. e4 c5 2. Nc3 d6 3. f4 g6 4. Nf3 Bg7 5. Bc4 Nc6 6. f5 Nf6 7. d3 O-O 8. O-O
Na5 9. fxg6 hxg6 10. Qe1 Nxc4 11. dxc4 Qd7 12. h3 Qe6 13. Qh4 Qxc4 14. Bh6 Be6
15. Ng5 Nh5 16. Bxg7 Kxg7 17. Rad1 Rh8 18. Qe1 Nf6 19. b3 Qa6 20. e5 dxe5 21.
Qxe5 Rh5 22. Nce4 Qe2 23. Rde1 Qxc2 24. Rxf6 Rxg5 25. Rxf7+ Kxf7 26. Nxg5+ 1-0

[Event "FRA Cup 0708"]
[Site "FRA"]
[Date "2008.02.18"]
[Round "2"]
[White "Dezan, Pierre"]
[Black "Riviere, Frederic"]
[Result "1-0"]
[WhiteElo "2135"]
[BlackElo "1870"]
[PlyCount "53"]
[EventDate "2008.05.25"]
[EventType "team-match"]
[EventCountry "FRA"]

1. d4 d5 2. c4 c6 3. Bf4 Bf5 4. Nc3 Nf6 5. e3 e6 6. Qb3 Qb6 7. c5 Qxb3 8. axb3
Nbd7 9. h3 Be7 10. b4 h6 11. b5 O-O 12. bxc6 bxc6 13. Ba6 g5 14. Bg3 Ne4 15.
Nxe4 Bxe4 16. f3 Bg6 17. Bb7 Nxc5 18. dxc5 Bxc5 19. Bxa8 Rxa8 20. Ke2 Bb4 21.
Ra6 c5 22. Bd6 Bc2 23. h4 Bb3 24. Kf2 Bc4 25. Rc6 Bb5 26. Rc7 Bc4 27. hxg5 1-0

[Event "FRA Cup 0708"]
[Site "FRA"]
[Date "2008.05.25"]
[Round "?"]
[White "Bedue, Julien"]
[Black "Forestie, Pierre"]
[Result "1-0"]
[WhiteElo "2111"]
[BlackElo "2071"]
[PlyCount "123"]
[EventDate "2008.05.25"]
[EventType "team-match"]
[EventCountry "FRA"]

1. d4 Nf6 2. Bg5 Ne4 3. Bf4 e6 4. f3 Bd6 5. Bxd6 Nxd6 6. e4 f5 7. e5 Nf7 8. Nc3
b6 9. Qd2 Bb7 10. O-O-O O-O 11. f4 a6 12. Qf2 b5 13. Nf3 d5 14. exd6 cxd6 15.
Kb1 Nd7 16. Bd3 Rc8 17. Rde1 Qa5 18. Qd2 b4 19. Ne2 Nb6 20. Nc1 Bd5 21. a3 Qa4
22. Qxb4 Qc6 23. Nd2 Rb8 24. Qa5 Rfc8 25. Na2 Nc4 26. Nxc4 Bxc4 27. Bxc4 Qxc4
28. Qd2 Rb5 29. Re3 Rcb8 30. b4 a5 31. Qe2 Qxe2 32. Rxe2 axb4 33. axb4 Nd8 34.
c3 Rc8 35. Kb2 Kf7 36. Nc1 Ra8 37. Nd3 Nc6 38. Ra1 Rbb8 39. Rxa8 Rxa8 40. Re1
h6 41. Nc1 g5 42. Rf1 Kf6 43. Nb3 Ne7 44. fxg5+ hxg5 45. c4 f4 46. b5 Rb8 47.
Ra1 g4 48. Kc3 Nf5 49. Ra6 g3 50. hxg3 Nxg3 51. Kd3 Nf5 52. b6 Nh4 53. Ke4 Nxg2
54. Kf3 Ne3 55. c5 Nd5 56. Na5 Nb4 57. Ra7 dxc5 58. dxc5 Ke5 59. c6 Kd6 60.
Rd7+ Kc5 61. c7 Ra8 62. b7 1-0

[Event "FRA Cup 0708"]
[Site "FRA"]
[Date "2008.03.30"]
[Round "3"]
[White "Morariu, Ioana"]
[Black "Labat, Jory"]
[Result "1/2-1/2"]
[WhiteElo "2091"]
[BlackElo "1816"]
[PlyCount "60"]
[EventDate "2008.05.25"]
[EventType "team-match"]
[EventCountry "FRA"]

1. d4 Nf6 2. c4 g6 3. Nc3 Bg7 4. Nf3 O-O 5. g3 d6 6. Bg2 Nbd7 7. O-O e5 8. dxe5
dxe5 9. h3 c6 10. Be3 Qc7 11. Qd2 Re8 12. Rfd1 Nb6 13. b3 Bf5 14. Qd6 Nfd5 15.
Qxc7 Nxc7 16. Nh4 Rad8 17. Nxf5 gxf5 18. Bxb6 axb6 19. Na4 e4 20. Rab1 Na8 21.
h4 Be5 22. e3 Kg7 23. Bf1 Kf6 24. Be2 Rg8 25. Kh2 h6 26. Rbc1 Ke7 27. Kh3 Ke6
28. Kh2 Ke7 29. Kh3 Ke6 30. Kh2 Ke7 1/2-1/2

[Event "FRA Cup 0708"]
[Site "FRA"]
[Date "2008.04.27"]
[Round "?"]
[White "Galby, Vassili"]
[Black "Pastorelli, Loic"]
[Result "1-0"]
[WhiteElo "2079"]
[BlackElo "1801"]
[PlyCount "115"]
[EventDate "2008.05.25"]
[EventType "team-match"]
[EventCountry "FRA"]

1. Nf3 Nf6 2. c4 c5 3. Nc3 Nc6 4. g3 d6 5. d4 cxd4 6. Nxd4 e5 7. Nc2 Bf5 8. Ne3
Be6 9. Bg2 Be7 10. O-O O-O 11. b3 Qb6 12. Ned5 Bxd5 13. Nxd5 Nxd5 14. Qxd5 Rac8
15. Be3 Qc7 16. Rab1 b6 17. Rfd1 Nb4 18. Qd2 a5 19. a3 Nc6 20. Rbc1 Rfd8 21.
Qd5 Nd4 22. Bxd4 exd4 23. Qxd4 Qc5 24. a4 Bf6 25. Qg4 h5 26. Qf3 Qg5 27. h4 Qg4
28. Rd3 Qxf3 29. Bxf3 g6 30. Rcd1 Be7 31. Bd5 Kg7 32. Kg2 Rc7 33. e4 Bf6 34. f4
Kf8 35. f5 Be5 36. fxg6 fxg6 37. Rf1+ Kg7 38. Rdf3 Rdd7 39. Kh3 Kh6 40. Rf8 Rg7
41. Rh8+ Rh7 42. Rb8 Bd4 43. Rf4 Rcg7 44. Rd8 Be5 45. Rb8 Bd4 46. Rff8 g5 47.
Be6 Re7 48. Bf5 Rhf7 49. Rg8 g4+ 50. Kg2 Rxf5 51. exf5 Re2+ 52. Kf1 Rf2+ 53.
Ke1 Rxf5 54. Ke2 Rf3 55. Rge8 Rxb3 56. Re6+ Kg7 57. Rb7+ Kf8 58. Rxd6 1-0

[Event "FRA Cup 0708"]
[Site "FRA"]
[Date "2008.05.25"]
[Round "?"]
[White "Iwanesko, Alexandre"]
[Black "Beaurain, Jerome"]
[Result "1/2-1/2"]
[WhiteElo "2060"]
[BlackElo "2074"]
[PlyCount "48"]
[EventDate "2008.05.25"]
[EventType "team-match"]
[EventCountry "FRA"]

1. e4 c5 2. Nf3 Nc6 3. d4 cxd4 4. Nxd4 Nf6 5. Nc3 e5 6. Nde2 Bb4 7. a3 Ba5 8.
Bg5 h6 9. Bh4 g5 10. Bg3 Nxe4 11. b4 Nxb4 12. axb4 Bxb4 13. Qd3 Qc7 14. Qxe4
Bxc3+ 15. Nxc3 Qxc3+ 16. Ke2 Qxa1 17. Bxe5 Qa6+ 18. Kd2 Qe6 19. Bc4 Qe7 20. Re1
d5 21. Bxd5 Be6 22. Bxh8 O-O-O 23. Bb2 Rxd5+ 24. Kc1 Qc7 1/2-1/2

[Event "FRA Cup 0708"]
[Site "FRA"]
[Date "2008.02.18"]
[Round "2"]
[White "Ramahef, Eric"]
[Black "Bedue, Julien"]
[Result "0-1"]
[WhiteElo "2050"]
[BlackElo "2105"]
[PlyCount "88"]
[EventDate "2008.05.25"]
[EventType "team-match"]
[EventCountry "FRA"]

1. e4 e5 2. Nf3 Nc6 3. Bc4 Be7 4. O-O Nf6 5. Re1 O-O 6. c3 d6 7. h3 Na5 8. Bb5
a6 9. Ba4 b5 10. Bc2 c5 11. d3 Bd7 12. Nbd2 Rc8 13. Nf1 Nc6 14. Ng3 Ne8 15. Be3
g6 16. Bh6 Ng7 17. Qd2 Re8 18. Nf1 Bf8 19. Ne3 f6 20. Nd5 Be6 21. Bb3 Na5 22.
Bc2 Bxd5 23. exd5 Re7 24. g4 Rf7 25. Re2 Ne8 26. Rae1 Bxh6 27. Qxh6 Nc7 28. b4
Nb7 29. Bb3 Qf8 30. Qd2 a5 31. a3 Ne8 32. d4 axb4 33. axb4 c4 34. Bc2 Nd8 35.
dxe5 fxe5 36. Nd4 Rf4 37. Nxb5 Qh6 38. Kg2 Nf7 39. Re3 Nf6 40. Qd1 Qh4 41. Rg3
Rf8 42. Nc7 Ng5 43. Ne6 Rxf2+ 44. Kxf2 Nfe4+ 0-1

[Event "FRA Cup 0607"]
[Site "Toulouse"]
[Date "2008.01.13"]
[Round "1"]
[White "Ramahef, E."]
[Black "Delay, Guillaume"]
[Result "1-0"]
[WhiteElo "2050"]
[BlackElo "1840"]
[PlyCount "85"]
[EventDate "2007.??.??"]
[EventType "team-match"]
[EventCountry "FRA"]

1. e4 c5 2. Nf3 d6 3. d4 cxd4 4. Nxd4 Nf6 5. Nc3 g6 6. h3 Bg7 7. Be3 O-O 8. Qd2
Nc6 9. O-O-O Nxd4 10. Bxd4 Be6 11. Kb1 Qc7 12. g4 Rfc8 13. Bd3 Qa5 14. a3 Rab8
15. g5 Nh5 16. Bxg7 Nxg7 17. Nd5 Qxd2 18. Rxd2 Bxd5 19. exd5 Rc5 20. Be4 b5 21.
Re1 b4 22. a4 Kf8 23. b3 Rc3 24. Bd3 Rbc8 25. Rde2 R8c7 26. Re4 Nf5 27. Rxb4
Rxd3 28. cxd3 Rc5 29. Rb8+ Kg7 30. Rb5 Rc3 31. Rd1 Nd4 32. Rb7 Rxb3+ 33. Rxb3
Nxb3 34. d4 f6 35. f4 h6 36. h4 hxg5 37. hxg5 Na5 38. Rc1 Kf7 39. Kb2 a6 40.
Rc7 f5 41. Kc3 Ke8 42. Ra7 Kd8 43. Kb4 1-0

[Event "FRA Cup 0708"]
[Site "FRA"]
[Date "2008.03.30"]
[Round "3"]
[White "Rich, Philippe"]
[Black "Hervet, Gilles"]
[Result "0-1"]
[WhiteElo "2034"]
[BlackElo "2010"]
[PlyCount "66"]
[EventDate "2008.05.25"]
[EventType "team-match"]
[EventCountry "FRA"]

1. c4 e5 2. Nc3 Nc6 3. Nf3 f5 4. d4 e4 5. Ne5 Nxe5 6. dxe5 Bc5 7. Qd5 Bb4 8. g4
Ne7 9. Qd4 Nc6 10. Qe3 d5 11. exd6 Qxd6 12. Qf4 Qf6 13. Bd2 O-O 14. e3 g5 15.
Qg3 f4 16. Qg2 f3 17. Qg1 Qe6 18. O-O-O Ne5 19. Nxe4 Bxd2+ 20. Nxd2 Qa6 21. Kb1
Bxg4 22. h4 Rad8 23. Bh3 Bxh3 24. Qxg5+ Qg6+ 25. Qxg6+ hxg6 26. Rxh3 Ng4 27.
Rg1 Nxf2 28. Rhg3 Rxd2 29. Rxg6+ Kf7 30. Rg7+ Ke8 31. Rxc7 Rd1+ 32. Rxd1 Nxd1
33. Rc8+ Ke7 0-1